[Event "Bushehr Lian op 7th"]
[Site "Bushehr"]
[Date "2015.11.14"]
[Round "6"]
[White "Nadimifar, Adnan"]
[Black "Vahdatian, Davood"]
[Result "0-1"]
[WhiteElo "2178"]
[BlackElo "1997"]
[PlyCount "138"]
[EventDate "2015.11.11"]
[EventType "swiss"]
[EventRounds "9"]
[EventCountry "IRI"]
[SourceTitle "CBM 169 Extra"]
[Source "ChessBase"]
[SourceDate "2015.12.18"]
[SourceVersion "1"]
[SourceVersionDate "2015.12.18"]
[SourceQuality "1"]

1. e4 e6 2. d4 d5 3. Nc3 Bb4 4. Qd3 dxe4 5. Qxe4 Nf6 6. Qh4 Nc6 7. Nf3 Be7 8. Bg5 Nb4 9. 0-0-0 c6 10. Kb1 Nbd5 11. Nxd5 cxd5 12. Bd3 Bd7 13. Ne5 a6 14. g4 Bb5 15. f3 Bxd3 16. Rxd3 Nd7 17. Bxe7 Qxe7 18. Qxe7+ Kxe7 19. Nxd7 Kxd7 20. h4 h5 21. Rd2 g5 22. f4 hxg4 23. fxg5 Rag8 24. Rdd1 Ke7 25. Rdg1 f6 26. a4 f5 27. Kc1 Rh5 28. Re1 Rgh8 29. Re5 Rxg5 30. Rhe1 Rg6 31. Rxf5 Rxh4 32. Rff1 g3 33. c3 g2 34. Rg1 Rf4 35. Kd2 Kd6 36. Re2 Rfg4 37. Re3 a5 38. Rh3 Rf6 39. Ke2 e5 40. dxe5+ Kxe5 41. Re3+ Kd6 42. b3 Kc5 43. Re7 Rb6 44. Rc7+ Kd6 45. Rc8 Rxb3 46. Kf3 Rg7 47. Rxg2 Rxg2 48. Kxg2 Ra3 49. Rd8+ Kc6 50. Rc8+ Kb6 51. Kf2 Rxa4 52. Ke2 Rc4 53. Rd8 Rxc3 54. Rxd5 Rc6 55. Rd8 a4 56. Rb8 Rc7 57. Rh8 Kb5 58. Kd3 Kb4 59. Rh4+ Kb3 60. Rh6 Rd7+ 61. Ke2 b5 62. Rh3+ Kb2 63. Rh4 Rd5 64. Ke3 a3 65. Rh2+ Kb3 66. Rh3 Rd8 67. Ke2+ Ka4 68. Rh7 b4 69. Ra7+ Kb3 0-1